Physics fun and demonstrations / (Record no. 186958)
[ view plain ]
| 000 -LEADER | |
|---|---|
| fixed length control field | 00799cam9a220022900 4500 |
| 001 - CONTROL NUMBER | |
| control field | qce00299677 |
| 005 - DATE AND TIME OF LATEST TRANSACTION | |
| control field | 20190830105538.0 |
| 008 - FIXED-LENGTH DATA ELEMENTS--GENERAL INFORMATION | |
| fixed length control field | 790517s1974 ilua 001 0 eng d |
| 035 ## - SYSTEM CONTROL NUMBER | |
| System control number | (Sirsi) r26559 |
| 035 ## - SYSTEM CONTROL NUMBER | |
| System control number | (QCAT)lss02340636 |
| 035 ## - SYSTEM CONTROL NUMBER | |
| System control number | (UPRA)qce00299677 |
| 040 ## - CATALOGING SOURCE | |
| Modifying agency | UPRA |
| 100 1# - MAIN ENTRY--PERSONAL NAME | |
| Personal name | Miller, Julius Sumner. |
| Linkage | A90318.1 |
| 245 10 - TITLE STATEMENT | |
| Title | Physics fun and demonstrations / |
| Statement of responsibility, etc. | with Julius Sumner Miller ; edited, with an introduction and prefatory notes, by Rocci C. Blasi. |
| 250 ## - EDITION STATEMENT | |
| Edition statement | 2nd ed. |
| 260 ## - PUBLICATION, DISTRIBUTION, ETC. | |
| Place of publication, distribution, etc. | Chicago : |
| Name of publisher, distributor, etc. | Central Scientific Co., |
| Date of publication, distribution, etc. | c1974. |
| 500 ## - GENERAL NOTE | |
| General note | Includes index. |
| 650 #0 - SUBJECT ADDED ENTRY--TOPICAL TERM | |
| Topical term or geographic name entry element | Physics -- Experiments. |
| General subdivision | Physics -- Experiments. |
| Linkage | S29349.1 |
| 700 1# - ADDED ENTRY--PERSONAL NAME | |
| Personal name | Blasi, Rocci C. |
| Linkage | A90319.1 |
| 949 ## - LOCAL PROCESSING INFORMATION (OCLC) | |
| a | QC33 |
| w | lcc |
| i | 33729000251277 |
| m | MAIN |
| p | 2500 |
| t | BOOK |
| l | ON-SHELF |
No items available.